Countries of Asia - No Hints - Statistics

General Stats
  • This quiz has been taken 134 times
  • The average score is 45 of 48
Answer Stats
Name % Correct
China
100%
North Korea
98%
Pakistan
98%
India
97%
Indonesia
97%
Iran
97%
Japan
97%
Mongolia
97%
Nepal
97%
South Korea
97%
Afghanistan
96%
Israel
96%
Myanmar
96%
Oman
96%
Qatar
96%
Yemen
96%
Cambodia
95%
Kazakhstan
95%
Laos
95%
Malaysia
95%
Tajikistan
95%
Thailand
95%
Bahrain
94%
Bhutan
94%
Iraq
94%
Kyrgyzstan
94%
Lebanon
94%
Saudi Arabia
94%
Singapore
94%
Taiwan
94%
Turkmenistan
94%
United Arab Emirates
94%
Uzbekistan
94%
Vietnam
94%
Azerbaijan
93%
Kuwait
93%
Sri Lanka
93%
Bangladesh
92%
Brunei
92%
Georgia
92%
Philippines
92%
Syria
92%
Turkey
92%
East Timor
91%
Jordan
91%
Armenia
89%
Maldives
88%
Cyprus
83%
No matching quizzes found
Score Distribution
Percent of People with Each Score
Percentile by Number Answered
Your Score History
You have not taken this quiz